000
00288nam a22001337a 4500
008
170721b xxu||||| |||| 00| 0 eng d
020
_a
9780619217600
041
_a
eng
080
_a
004
100
_a
29
101
_a
SHKI
245
_a
GUIDE TO SOFTWARE
_c
ANDREWS, J
942
_2
udc
_c
BK
999
_c
21774
_d
21774